000 00807cab a2200217 4500
001 X2570
008 090401t1995 xxu||||| |||| 00| 0 eng d
035 _a(Sirsi) u25062
041 _aeng
245 _aBelvedere Court Management v Frogmore Developments Ltd
260 _c1995
350 _a0
490 _aNew Property Cases
_v(1995) NPC 158, (3)
520 _aCA 24 October 1995. The court attempts to sort out the confused provisions in ss12-14 and s16 of the Landlord and Tenant Act 1987. TAKEN FROM JOURNAL ABSTRACT. NOTE:- NO PHOTOCOPYING ALLOWED
650 _aBELVEDERE COURT MANAGEMENT LTD V FROGMORE DEVELOPMENTS LTD
650 _aLANDLORD AND TENANT ACT 1987 SS12-14 & 16
650 _aTRANSFER OF LEASE
690 _aLANDLORD AND TENANT-CASE LAW
942 _n0
948 _c04/03/1997
999 _c16811
_d16811